Introduction to chemical engineering thermodynamics (Record no. 8190)

000 -LEADER
fixed length control field 00630nam a2200229 4500
001 - CONTROL NUMBER
control field 8190
003 - CONTROL NUMBER IDENTIFIER
control field BD-DhUET
008 - FIXED-LENGTH DATA ELEMENTS--GENERAL INFORMATION
fixed length control field 740723s1975 nyua b 001 0 eng
020 ## - INTERNATIONAL STANDARD BOOK NUMBER
International Standard Book Number 0070587019
040 ## - CATALOGING SOURCE
Original cataloging agency DLC
Transcribing agency DLC
Modifying agency BD-DhUET
082 ## - DEWEY DECIMAL CLASSIFICATION NUMBER
Classification number 660.2969
Item number SMI/1975
100 1# - MAIN ENTRY--PERSONAL NAME
Personal name Smith, J. M.
245 10 - TITLE STATEMENT
Title Introduction to chemical engineering thermodynamics
250 ## - EDITION STATEMENT
Edition statement 3rd ed.
260 ## - PUBLICATION, DISTRIBUTION, ETC. (IMPRINT)
Place of publication, distribution, etc. Tokyo
Name of publisher, distributor, etc. McGraw-Hill
Date of publication, distribution, etc. 1975
300 ## - PHYSICAL DESCRIPTION
Extent xv,632p.
Other physical details ill.
Dimensions 25 cm.
490 0# - SERIES STATEMENT
Series statement McGraw-Hill chemical engineering series
504 ## - BIBLIOGRAPHY, ETC. NOTE
Bibliography, etc Includes bibliographies
650 #0 - SUBJECT ADDED ENTRY--TOPICAL TERM
Topical term or geographic name as entry element Chemical thermodynamics
700 1# - ADDED ENTRY--PERSONAL NAME
Personal name Van Ness, H. C.
942 ## - ADDED ENTRY ELEMENTS (KOHA)
Koha item type General Book
Holdings
Price effective from Sublocation or collection (holding branch) Not for loan Damaged status Piece designation (barcode) Location (home branch) Copy number Koha date last seen Koha item type Lost status Koha issues (times borrowed) Koha date last borrowed Date acquired Koha full call number Shelving location Withdrawn status Source of classification or shelving scheme Koha normalized classification for sorting
2015-01-19Central Library, BUET  42516Central Library, BUET12019-08-25General Book 22019-07-242015-01-19660.2969/SMI/1975Circulation section  660_296900000000000_SMI_1975
2015-03-01Central Library, BUET  51231Central Library, BUET22017-08-21General Book   2015-03-01660.2969/SMI/1975Circulation section  660_296900000000000_SMI_1975
2015-06-18Central Library, BUET  44427Central Library, BUET32015-06-18Reading Item   2015-06-18660.2969/SMI/1975Reading section  660_296900000000000_SMI_1975
2015-06-20Central Library, BUET  65887Central Library, BUET42015-06-20Reading Item   2015-06-20660.2969/SMI/1975Reading section  660_296900000000000_SMI_1975
2015-06-20Central Library, BUET  65888Central Library, BUET52015-06-20Reading Item   2015-06-20660.2969/SMI/1975Reading section  660_296900000000000_SMI_1975